00499 2200193 4500001002100000005001500021008004100036020001800077035001900095041000700114082000800121090001400129100001600143245005700159260004200216300002700258500000600285650001400291INLIS00000000000578620241224113151241224||||||||| | ||| |||| || |  a979-605-578-3 0010-1224005786 aid0 a650 a650 HUS s0 aHusein Umar00aStudi Kelayakan Bisnis : Manajemen, Metode dan Kasus aJakartabGramedia Pustaka Utamac1999 axviii, 302 hlm.; 23 cm a3 0amanajemen